| Tag |
First Indicator |
Second Indicator |
Subfields |
| LEADER |
00000cam a2200000 4500 |
| 001 |
in00000588682 |
| 005 |
20151014072629.0 |
| 008 |
750317r1972 dk b 00010 engm |
| 010 |
|
|
|a 75301653
|
| 015 |
|
|
|a D***
|
| 020 |
|
|
|a 8787220016
|c kr21.00
|
| 035 |
|
|
|a (OCoLC)00877095
|
| 035 |
|
|
|9 ACP3126AM
|
| 040 |
|
|
|a DLC
|c DLC
|d m.c.
|d TXA
|d UtOrBLW
|
| 049 |
|
|
|a TXAM
|c [A10134599]
|
| 050 |
0 |
0 |
|a TS1109
|b .C56
|
| 082 |
0 |
|
|a 676/.2824
|
| 100 |
1 |
|
|a Clapp, Verner W.
|q (Verner Warren),
|d 1901-1972.
|
| 245 |
1 |
4 |
|a The story of permanent/durable book-paper, 1115-1970 /
|c [by] Verner W. Clapp.
|
| 264 |
|
1 |
|a Copenhagen :
|b Restaurator Press,
|c 1972.
|
| 300 |
|
|
|a 50 pages ;
|c 25 cm.
|
| 336 |
|
|
|a text
|b txt
|2 rdacontent
|
| 337 |
|
|
|a unmediated
|b n
|2 rdamedia
|
| 338 |
|
|
|a volume
|b nc
|2 rdacarrier
|
| 490 |
1 |
|
|a Restaurator. Supplement ;
|v no. 3
|
| 500 |
|
|
|a "Reprinted in a slightly revised form from Scholarly publishing." (volume 2, pages 107-124, 229-245, 353-367.).
|
| 504 |
|
|
|a Includes bibliographical references.
|
| 650 |
|
0 |
|a Paper.
|
| 650 |
|
0 |
|a Paper
|x Testing.
|
| 650 |
|
0 |
|a Paper
|x Defects.
|
| 650 |
|
0 |
|a Books
|x Conservation and restoration.
|
| 830 |
|
0 |
|a Restaurator.
|p Supplement ;
|v no. 3.
|
| 999 |
|
|
|a MARS
|
| 999 |
f |
f |
|s 130ca32c-0493-3071-b058-1a70c76a7dcc
|i 72930d49-413d-3df2-a512-178fe2d2935a
|t 0
|
| 952 |
f |
f |
|p ric
|a Texas A&M University
|b Rellis Campus
|c Joint Library Facility
|d Remote Storage
|t 0
|e TS1109 .C56
|h Library of Congress classification
|i unmediated -- volume
|k Suppl.3
|l 1972
|m A14810134599
|
| 998 |
f |
f |
|a TS1109 .C56
|t 0
|l Remote Storage
|